000 00283nam a2200121Ia 4500
008 190216s9999||||xx |||||||||||||| ||und||
100 _aBrown J R
245 0 _aShakespeare And His Comedies
260 _bMethuen & Co
_c1968
300 _a253
650 _aEnglish Drama
942 _cBK
999 _c12187
_d12187